| 000 | 00431nam a22001577a 4500 | ||
|---|---|---|---|
| 003 | OSt | ||
| 005 | 20140311162959.0 | ||
| 008 | 130206t xxu||||| |||| 00| 0 eng d | ||
| 050 |
_aHF 5681.B2 _b.C737 1999 |
||
| 245 |
_aCompilation of statements of financial accounting standards / _cAccounting Standards Council |
||
| 260 | _c1999 | ||
| 300 |
_a682 p. : _c22 cm. _bill. ; |
||
| 562 | _e1 | ||
| 942 |
_2lcc _cBK _kLOC |
||
| 999 |
_c39145 _d39145 |
||